Mexico, Aztec, Spanish and Republican (Record no. 3994)
[ view plain ]
| 000 -CABECERA | |
|---|---|
| campo de control de longitud fija | 01199nam a2200289 a 4500 |
| 001 - NÚMERO DE CONTROL | |
| campo de control | BRCA_4283 |
| 005 - FECHA Y HORA DE LA ÚLTIMA TRANSACCIÓN | |
| campo de control | 20190320204620.0 |
| 008 - DATOS DE LONGITUD FIJA--INFORMACIÓN GENERAL | |
| campo de control de longitud fija | 230610s1853----u--a######---#000-0#eng-# |
| 041 ## - CÓDIGO DE LENGUA | |
| Código de lengua del texto/banda sonora o título independiente | eng |
| 044 ## - CÓDIGO DEL PAÍS DE LA ENTIDAD EDITORA/PRODUCTORA | |
| Código MARC del país | u |
| 050 #4 - SIGNATURA TOPOGRÁFICA DE LA BIBLIOTECA DEL CONGRESO | |
| Número de clasificación | F1208 |
| Número de documento/Ítem | .M39 2 1853 |
| 100 1# - ENTRADA PRINCIPAL--NOMBRE DE PERSONA | |
| Nombre de persona | Mayer, Brantz |
| Fechas asociadas al nombre | 1809-1879 |
| 9 (RLIN) | 10047 |
| 245 10 - MENCIÓN DE TÍTULO | |
| Título | Mexico, Aztec, Spanish and Republican |
| Resto del título | a Historical, Geographical, Political, Statistical and Social account of that Country from the Period of the Invasion by the Spaniards to the Present Time; with a view of the Ancient Aztec Empire and Civilization; a Historical Sketch of the late War; and notices of New Mexico and California |
| Mención de responsabilidad, etc. | by Brantz Mayer. |
| 260 ## - PUBLICACIÓN, DISTRIBUCIÓN, ETC. | |
| Lugar de publicación, distribución, etc. | Hartford, Connecticut |
| Nombre del editor, distribuidor, etc. | S. Drake |
| Fecha de publicación, distribución, etc. | 1853 |
| 300 ## - DESCRIPCIÓN FÍSICA | |
| Extensión | 2 t. en 1 v. |
| Otras características físicas | il. |
| Dimensiones | 24 cm. |
| 500 ## - NOTA GENERAL | |
| Nota general | Edición con cantos dorados |
| 500 ## - NOTA GENERAL | |
| Nota general | Estado físico: hoja rota (p. 395 del t.2) |
| 500 ## - NOTA GENERAL | |
| Nota general | Ver también C17 (1854) |
| 500 ## - NOTA GENERAL | |
| Nota general | CEF77 |
| 650 14 - PUNTO DE ACCESO ADICIONAL DE MATERIA--TÉRMINO DE MATERIA | |
| Término de materia o nombre geográfico como elemento de entrada | Viajeros estadounidenses |
| Subdivisión geográfica | México |
| 9 (RLIN) | 10048 |
| 651 #4 - PUNTO DE ACCESO ADICIONAL DE MATERIA--NOMBRE GEOGRÁFICO | |
| Nombre geográfico | México |
| Subdivisión general | Descripción y viajes |
| 9 (RLIN) | 103 |
| 651 #4 - PUNTO DE ACCESO ADICIONAL DE MATERIA--NOMBRE GEOGRÁFICO | |
| Nombre geográfico | México |
| Subdivisión general | Historia |
| 9 (RLIN) | 614 |
| 651 #4 - PUNTO DE ACCESO ADICIONAL DE MATERIA--NOMBRE GEOGRÁFICO | |
| Nombre geográfico | Nuevo México |
| Subdivisión general | Historia |
| 9 (RLIN) | 11030 |
| 651 #4 - PUNTO DE ACCESO ADICIONAL DE MATERIA--NOMBRE GEOGRÁFICO | |
| Nombre geográfico | California |
| Subdivisión general | Descripción y viajes |
| 9 (RLIN) | 8195 |
| 902 ## - CATALOGADOR | |
| Iniciales | GFM |
| 942 ## - ELEMENTOS DE PUNTO DE ACCESO ADICIONAL (KOHA) | |
| Fuente del sistema de clasificación o colocación | Library of Congress Classification |
| Tipo de ítem Koha | Libros |
| Estado de retiro | Estado de pérdida | Estado dañado | No para préstamo | Localización permanente | Ubicación/localización actual | Fecha de adquisición | Número de inventario | Total de préstamos | Signatura topográfica completa | Código de barras | Fecha visto por última vez | Precio válido a partir de | Tipo de ítem Koha |
|---|---|---|---|---|---|---|---|---|---|---|---|---|---|
| El ejemplar forma parte de la colección y puede ser consultado según las políticas vigentes. | Biblioteca del Museo Franz Mayer (Rogerio Casas-Alatriste) | Biblioteca del Museo Franz Mayer (Rogerio Casas-Alatriste) | 23/06/2010 | CEF77 | F1208 .M39 2 1853 (CEF77) | 4280 | 22/03/2019 | 22/03/2019 | Libros |